Welcome to CU Library Online Public Access Catalogue (OPAC)

Biology/ (Record no. 1989)

MARC details
000 -LEADER
fixed length control field 00530nam a22001817a 4500
005 - DATE AND TIME OF LATEST TRANSACTION
control field 20241209120344.0
008 - FIXED-LENGTH DATA ELEMENTS--GENERAL INFORMATION
fixed length control field 241209b |||||||| |||| 00| 0 eng d
020 ## - INTERNATIONAL STANDARD BOOK NUMBER
International Standard Book Number 9780805371468
050 ## - LIBRARY OF CONGRESS CALL NUMBER
Classification number QH308.2
Item number .C34
100 ## - MAIN ENTRY--PERSONAL NAME
Personal name Campbell, Neil A.
245 ## - TITLE STATEMENT
Title Biology/
Statement of responsibility, etc. Neil A. Campbell & Jane B. Reece
250 ## - EDITION STATEMENT
Edition statement 7th ed.
260 ## - PUBLICATION, DISTRIBUTION, ETC.
Place of publication, distribution, etc. San Francisco
Name of publisher, distributor, etc. Pearson Benjamin Cummings
Date of publication, distribution, etc. 2005
300 ## - PHYSICAL DESCRIPTION
Extent xl.1231p. various paging
Other physical details ill. some color
Dimensions 28cm
650 ## - SUBJECT ADDED ENTRY--TOPICAL TERM
Source of heading or term Biology
700 ## - ADDED ENTRY--PERSONAL NAME
Personal name Reece, Jane B.
942 ## - ADDED ENTRY ELEMENTS (KOHA)
Source of classification or shelving scheme Library of Congress Classification
Koha item type Books
Edition 7th ed.
Suppress in OPAC No
999 ## -
-- 1989
-- 1989
Holdings
Withdrawn status Lost status Source of classification or shelving scheme Damaged status Not for loan Collection Home library Current library Shelving location Date acquired Total checkouts Full call number Barcode Date last seen Copy number Price effective from Koha item type
    Library of Congress Classification     Non-fiction Science Library (Miotso) Science Library (Miotso) General stacks 12/09/2024   QH308.2 .C34 CAM SLM00001174 12/09/2024 1 12/09/2024 Books
© 2023-2024 Copyright: Central University Libraries. All Rights Reserved | Created by: Mahone Tech Office